| 000 | 00357nam a22001217a 4500 | ||
|---|---|---|---|
| 999 |
_c5493 _d5493 |
||
| 008 | 250925b ||||| |||| 00| 0 eng d | ||
| 020 | _a9781471121005 | ||
| 082 | _a823.92 HEN | ||
| 100 |
_aHENDRA,SUE _eAUTHOR _lENGLISH |
||
| 245 | _aSUPERTATO VEGGIES ASSEMBLE | ||
| 260 |
_a1ST FLOOR 222 GRAY'S INN ROAD,LONDON,WC1X 8HB _bSIMON & SCHUSTER _c2016 |
||
| 942 | _2ddc | ||